000 00432cam a2200157ua 4500
041 _aeng
_h
082 _a828.09
_bWYL/SH
100 _awyle, Henery cecil.
245 _aShort History of English with a biblio graphy and lists of texts and editions /
_cHenry Cecil.
_hTextual Documents
250 _a3 /
_b.
260 _aLendon :
_bJohn Marray ,
_c1963.
300 _a294 ; .
504 _a
942 _cBK
999 _c2778
_d2778